| 000 | 01042nam a22002777a 4500 | ||
|---|---|---|---|
| 003 | BD-DhSAU | ||
| 005 | 20190113100418.0 | ||
| 008 | 151014b2017 bg ||||| |||| 001 0 eng d | ||
| 040 | _aBD-DhSAU | ||
| 082 |
_222 _a571.92 _bSa154 |
||
| 100 |
_a Sadia , Saima _eRegistration No: 11-04427 |
||
| 245 |
_aEffect of different sowing time on Viral disease incidence and severity of Pumpkin collected from different sources of Bangladesh / _bMS Thesis _c Sadia , Saima |
||
| 260 |
_aSher-e- Bangla Agricultural University : _bDepartment of Plant Pathology, _c2017 |
||
| 300 |
_axii, 75 p. : _bill. ; _c30 cm. |
||
| 504 | _aIncludes Bibliographic Reference | ||
| 590 | _aShofi | ||
| 650 | _aPlant Pathology | ||
| 650 | _aEffect | ||
| 650 | _aSowing time | ||
| 650 | _a Viral disease | ||
| 650 |
_aPumpkin _zBangladesh |
||
| 700 |
_aBegum , Fatema _eSupervisor |
||
| 700 |
_a Hossain , Md. Belal _eCo-Supervisor |
||
| 856 |
_uhttp://archive.saulibrary.edu.bd:8080/xmlui/handle/123456789/294 _yOnline Access |
||
| 942 |
_2ddc _cTHESIS |
||
| 999 |
_c14382 _d14381 |
||